000 00550nam a22001817a 4500
005 20251108170040.0
008 250721s1986 xx 000 0 ara d
082 1 4 _aط/ق/حسي
100 1 _aحامد، حسين
245 1 0 _aالعصفور الصغير /
264 1 _aالقاهرة :
_bالهيئة المصرية العامة للكتاب،
_c1986.
300 _a16ص : مص
490 0 _aيا أحبائي لكم أقول
650 1 7 _aأدب الأطفال
650 1 7 _aالقصص العربية
942 _2ddc
_cBK
999 _c38368
_d38368